00306nam a2200133Ia 45000030006000000080041000060400015000471000025000622450037000872500010001242600009001345460012001430050017001550STCL150530s9999 xx 000 0 und d aSTCLcSTCL aVarghese Vazhappilly aIndian Constitution and Politics aFirst c2005 aEnglish20220125165718.0